Welcome to the Holygrace Academy Library

Please use search bar below to get started

DISCOVER YOUR DESTINY (Record no. 5464)

MARC details
000 -LEADER
fixed length control field 00229nam a22001097a 4500
082 ## - DEWEY DECIMAL CLASSIFICATION NUMBER
Classification number 158
Item number SHA/D
100 ## - MAIN ENTRY--AUTHOR NAME
Personal name SHARMA,ROBIN
245 ## - TITLE STATEMENT
Title DISCOVER YOUR DESTINY
260 ## - PUBLICATION, DISTRIBUTION, ETC. (IMPRINT)
Name of publisher JAICO
650 ## - SUBJECT ADDED ENTRY--TOPICAL TERM
Topical Term PERSONALITY DEVELOPMENT
942 ## - ADDED ENTRY ELEMENTS (KOHA)
Koha item type Books
Holdings
Withdrawn status Lost status Collection code Home library Current library Shelving location Date acquired Source of acquisition Full call number Accession Number Koha item type
    Reference Main Library Main Library SHELF-17H-PERSONALITY DEVELOPMENT BOOKS 15/06/2009 PURCHASE 158 SHA/D 04560 Books